| 000 | 00504nam a22001697a 4500 | ||
|---|---|---|---|
| 999 |
_c41295 _d41295 |
||
| 003 | OSt | ||
| 005 | 20210415111211.0 | ||
| 008 | 210415b ||||| |||| 00| 0 eng d | ||
| 020 | _a9788182718906 | ||
| 040 | _coclc | ||
| 082 |
_a200 _bSHA/B |
||
| 100 |
_98588 _aShameem, Muhammed |
||
| 245 |
_aBudhan Yeshu Muhammed Lokamathangaleppatti Oru Pusthakam/ _cMuhammed Shameem |
||
| 260 |
_aKozhikode: _bIPH, _c2017. |
||
| 300 | _a400 pages | ||
| 942 |
_2ddc _cBK _h200 _iSHA/B _k200 _mSHA/B |
||